000 00400nam a22001577a 4500
003 SGT
020 _a9789351523123
082 _a616.0707
_bC14S
100 _aShah, Jatin P.
245 _aA century of progress in Head & Neck Cancer
260 _aDelhi, India
_bJaypee Brothers
_c2014
300 _a313
650 _aOral & Maxillofacial Surgery
653 _aOral & Neck Cancer
942 _2ddc
_cBK
999 _c24701
_d24701